000 00439nam a2200181Ia 4500
001 19405
005 20260306172650.0
008 260306t2011||||xx |||||||||||||| ||spa||
041 _aESP
082 _a659.1015
_bG23
100 _aGarcía Dauder, Silvia
_eAUT
245 0 _aPsicología aplicada a la publicidad
260 _c2011
300 _a125 páginas :
_c24 cm.
650 _aGEN
654 _aCAN
942 _cLIB
_dJUS
_fJUS
_2ddc
_n
999 _c19405
_d19405